Strengthening national food control systems : (Record no. 20931)

000 -LEADER
fixed length control field 00577cam a22001937a 4500
020 ## - INTERNATIONAL STANDARD BOOK NUMBER
ISBN 925105536X
020 ## - INTERNATIONAL STANDARD BOOK NUMBER
ISBN 9789251055366
040 ## - CATALOGING SOURCE
Transcribing agency UKM
082 04 - DEWEY DECIMAL CLASSIFICATION NUMBER
Classification number 363 STR 2006 C106 Or.
100 1# - MAIN ENTRY--AUTHOR NAME
Personal name Hopper, Marlynne.
245 10 - TITLE STATEMENT
Title Strengthening national food control systems :
Remainder of title guidelines to assess capacity building needs /
260 ## - PUBLICATION, DISTRIBUTION, ETC. (IMPRINT)
Place of publication Rome :
Name of publisher FAO,
Year of publication 2006.
300 ## - PHYSICAL DESCRIPTION
Number of Pages xiii, 137 p. :
Other physical details ill. ;
Dimensions 30 cm.
650 #0 - SUBJECT ADDED ENTRY--TOPICAL TERM
Topical Term Food
650 #0 - SUBJECT ADDED ENTRY--TOPICAL TERM
Topical Term Food supply
700 1# - ADDED ENTRY--PERSONAL NAME
Personal name Boutrif, Ezzeddine.
710 2# - ADDED ENTRY--CORPORATE NAME
Corporate name or jurisdiction name as entry element Food and Agriculture Organization of the United Nations.
942 ## - ADDED ENTRY ELEMENTS (KOHA)
Koha item type ADB
952 ## - LOCATION AND ITEM INFORMATION (KOHA)
Withdrawn status [LOCAL, KOHA] 0
Holdings
Permanent Location Date acquired Koha item type Lost status Shelving location Barcode Current Location Full call number
Library Block C2023-01-16ADB C106a071084Library Block C363 STR 2006 C106 Or.
មជ្ឈមណ្ឌលឯការនៃសាកលវិទ្យាល័យភូមិន្ទកសិកម្មចំការដូង

Powered by Koha